000 00665nam a2200289Ia 4500
005 20260324133610.0
008 008 260324s9999 xx 000 0 eng d
020 _a9781315015521
037 _aEBOOK
040 _aCRL
040 _beng
040 _cCRL
041 _2eng
041 _aeng
084 _qCRL
100 _aOlga Marx; Martin Buber
_91193686
245 0 _aTen Rungs
245 0 _bCollected Hasidic Sayings
260 _bTaylor and Francis
260 _c2003
365 _a
365 _b95.99
856 _uhttp://www.taylorfrancis.com/books/9781315015521
942 _cEBOOK
999 _c1792904
_d1792904